| 000 | 00867cab a2200301 4500 | ||
|---|---|---|---|
| 001 | ABS60446 | ||
| 008 | 090401t1999 xxu||||| |||| 00| 0 eng d | ||
| 035 | _a(Sirsi) u93265 | ||
| 041 | _aeng | ||
| 245 | _aFocus `99: Norfolk and Suffolk | ||
| 260 | _c1999 | ||
| 350 | _a0 | ||
| 490 |
_aEstates Gazette _v(9917) 1 May 1999, 69-99(11) |
||
| 650 | _aBURY ST EDMUNDS | ||
| 650 | _aFELIXSTOWE | ||
| 650 | _aINDUSTRIAL MARKET | ||
| 650 | _aIPSWICH | ||
| 650 | _aLEISURE MARKET | ||
| 650 | _aNORFOLK | ||
| 650 | _aNORWICH | ||
| 650 | _aPROPERTY-COMMERCIAL PROPERTY-OFFICE PROPERTY-OFFICE PROPERTY MARKET | ||
| 650 | _aPROPERTY-COMMERCIAL PROPERTY-RETAIL PROPERTY-RETAIL PROPERTY MARKET | ||
| 650 | _aRETAIL WAREHOUSES | ||
| 650 | _aSUFFOLK | ||
| 690 | _aPROPERTY-COMMERCIAL PROPERTY-COMMERCIAL PROPERTY MARKET | ||
| 942 | _n0 | ||
| 948 | _c11/05/1999 | ||
| 999 |
_c59116 _d59116 |
||